Statistics for Bad Guy Billie Eilish

Click here to take the quiz!

General Stats

  • This quiz has been taken 239 times
  • The average score is 194 of 250

Answer Stats

Answer% Correct
a
99%
i
99%
you
99%
guy
98%
so
96%
bad
96%
your
96%
like
96%
to
95%
im
94%
my
93%
the
90%
no
90%
really
89%
on
89%
rough
89%
youre
88%
shirt
88%
tough
87%
know
87%
white
87%
it
85%
type
85%
bloody
85%
get
84%
just
84%
enough
84%
nose
84%
when
82%
duh
82%
red
82%
mad
82%
cant
81%
now
81%
sad
80%
dad
80%
make
79%
do
79%
girlfriend
78%
seduce
78%
always
77%
dont
77%
toes
76%
one
76%
creeping
76%
me
75%
tippy
75%
criminal
75%
that
74%
think
74%
knees
71%
mama
71%
what
71%
around
71%
puffed
70%
knows
69%
might
69%
for
69%
say
68%
both
68%
sleeping
67%
bruises
66%
chest
65%
want
64%
please
62%
if
62%
thank
61%
she
61%
mommy
59%
but
58%
soul
57%
cynical
56%
wanting
56%
sing
56%
be
55%
control
54%
even
54%
take
54%
along
52%
with
52%
or
52%
men
47%
ill
47%
wont
47%
own
46%
this
45%
animal
45%
play
44%
let
42%
song
42%
all
41%
role
40%
lyrics
39%
mean
38%
glad
36%
cause
36%
alone
36%
shell
36%
pity
36%
of
35%
reads
35%
see
33%
guess
32%
pretty
32%
scared
32%
wearing
31%
maybe
31%
cologne
31%
its
29%
said
29%
sees
27%
shes
25%
good
23%
being
21%
only
21%

Score Distribution

Percentile by Number Answered

Percent of People with Each Score

Your Score History

You have not taken this quiz